Catálogo
Digital

Catálogo
Digital

Normas internacionales de contabilidad (Record no. 14143)

MARC details
000 -CABECERA
campo de control de longitud fija 02088nam a2200301 4500
003 - IDENTIFICADOR DEL NÚMERO DE CONTROL
campo de control EC-UNACH
005 - FECHA Y HORA DE LA ÚLTIMA TRANSACCIÓN
campo de control 20251105163833.0
006 - CÓDIGOS DE INFORMACIÓN DE LONGITUD FIJA--CARACTERÍSTICAS DEL MATERIAL ADICIONAL
campo de control de longitud fija s||||gr|||| 00| 00
008 - DATOS DE LONGITUD FIJA--INFORMACIÓN GENERAL
campo de control de longitud fija 150116t9999 mx r gr 000 0 spa d
020 ## - NÚMERO INTERNACIONAL ESTÁNDAR DEL LIBRO
Número Internacional Estándar del Libro s/n
040 ## - FUENTE DE LA CATALOGACIÓN
Centro catalogador/agencia de origen EC-UNACH
Centro/agencia transcriptor EC-UNACH
041 ## - CÓDIGO DE LENGUA
Código de lengua del texto/banda sonora o título independiente spa
082 04 - NÚMERO DE LA CLASIFICACIÓN DECIMAL DEWEY
Número de edición 23
Número de clasificación 657
Número de documento/Ítem L017950
110 ## - ENTRADA PRINCIPAL--NOMBRE DE ENTIDAD CORPORATIVA
Nombre de entidad corporativa o nombre de jurisdicción como elemento de entrada Edi - Gab
245 ## - MENCIÓN DE TÍTULO
Título Normas internacionales de contabilidad
250 ## - MENCIÓN DE EDICIÓN
Mención de edición Segundo Edición
264 ## - Producción, publicación, distribución, fabricación y copyright
Lugar de producción, publicación, distribución, fabricación s/n
Nombre del de productor, editor, distribuidor, fabricante Edi - Gab
Fecha de de producción, publicación, distribución, fabricación o copyright 2009
300 ## - DESCRIPCIÓN FÍSICA
Extensión 542
505 ## - NOTA DE CONTENIDO CON FORMATO
Nota de contenido con formato - Presentación de estados financieros - -Existencias -- Estado de flujos de efectivo - - Políticas contable , cambios en estimaciones contables y errores - - Hechos posteriores a la fecha de balance - - Contar tatos de construcción - - Impuestos sobre las guanacias - - Inmovilizado material - - Arrendamientos - -Ingresos ordinarios - - Retribuciones a los empleados - - Contabilización de las subvenciones oficiales e información a revelar sobre ayudas publicas - -Efectos de las variaciones en las tazas de cambio de la moneda extranjera - - Costes por interés- - Información de revelar sobre partes vinculadas - -Contabilización e información financiera sobre planes de prestaciones por retiro - - Estados financieros consolidados y separados - -Inversiones en entidades asociadas - - Información financiera en economías hiperinflacionarias - - Participación en negocios conjuntos - - Instrumentos financieros :presentación - -Interpretación CINIIF cambios en pasivos existentes por desmantelamiento , restauración y similares - -Deterioro del valor de los activos - - Provisiones , activos contingentes y pasivos contingentes - - Activos inmateriales - - Instrumentos financieros :reconocimiento y valoración - -Inversiones movilizaras - - Agricultura
650 ## - PUNTO DE ACCESO ADICIONAL DE MATERIA--TÉRMINO DE MATERIA
Término de materia o nombre geográfico como elemento inicial MARCO CONCEPTUAL DE LAS NORMAS INTERNACIONALES DE CONTABILIDAD
650 ## - PUNTO DE ACCESO ADICIONAL DE MATERIA--TÉRMINO DE MATERIA
Término de materia o nombre geográfico como elemento inicial OBJETIVOS DEL IASC
650 ## - PUNTO DE ACCESO ADICIONAL DE MATERIA--TÉRMINO DE MATERIA
Término de materia o nombre geográfico como elemento inicial ESTADOS FINANCIEROS PUBLICADOS
700 ## - PUNTO DE ACCESO ADICIONAL--NOMBRE DE PERSONA
Nombre de persona NIC
942 ## - ELEMENTOS DE PUNTO DE ACCESO ADICIONAL (KOHA)
Fuente del sistema de clasificación o colocación Clasificación Decimal Dewey
Tipo de ítem Koha Libros
999 ## - NÚMEROS DE CONTROL DE SISTEMA (KOHA)
Koha biblionumber 14143
Holdings
Estado de pérdida Fuente del sistema de clasificación o colocación Estado dañado No para préstamo Localización permanente Ubicación/localización actual Ubicación en estantería Fecha de adquisición Fuente de adquisición Número de inventario Total de préstamos Signatura topográfica completa Código de barras Fecha visto por última vez Precio válido a partir de Tipo de ítem Koha Centro de costos
  Clasificación Decimal Dewey     Biblioteca Campus Norte Biblioteca Campus Norte Facultad de Ciencias Políticas y Administrativas - Generalidades 05/11/2025 Transitoria segunda Resolución N°0311-CU-UNACH-SE-ORD-16-09-24 39932932   657 NIC L017950 L017950 05/11/2025 05/11/2025 Libros  

Powered by Koha